000
00388nam a2200157Ia 4500
008
100122s9999 xx 000 0 und d
082
_b
8445
_a
823.08
100
_a
लेले वि ग
245
_a
कळस
250
_a
0
260
_b
विश्वमंगल प्रकाशन
_c
1941
300
_a
106
630
_a
कळस
730
_a
कळस
942
_c
BOOK
999
_c
400749
_d
400746